Cấu tạo nguyên tử và liên kết hóa học

Shranjeno v:
Bibliografske podrobnosti
Glavni avtor: Đào, Đình Thức
Format: Knjiga
Jezik:Undetermined
Izdano: Hà Nội Giáo dục Việt Nam 2010
Teme:
Oznake: Označite
Brez oznak, prvi označite!
Thư viện lưu trữ: Trung tâm Học liệu Trường Đại học Cần Thơ
LEADER 00604nam a2200193Ia 4500
001 CTU_142924
008 210402s9999 xx 000 0 und d
020 |c 50000 
082 |a 541.24 
082 |b Th552/T.1 
100 |a Đào, Đình Thức 
245 0 |a Cấu tạo nguyên tử và liên kết hóa học 
245 0 |c Đào Đình Thức 
260 |a Hà Nội 
260 |b Giáo dục Việt Nam 
260 |c 2010 
650 |a Atomic structure,Cấu trúc nguyên tử 
904 |i Trọng Hiếu 
980 |a Trung tâm Học liệu Trường Đại học Cần Thơ